Slovakia
Informácia o sociálno-ekonomickom vývoji a vývoji na trhu práce na Slovensku. Vplyv robotizácie na pracovný trh.
Enregistré dans:
| Auteur principal: | |
|---|---|
| Format: | Chapitre de livre |
| Langue: | anglais |
| Sujets: | |
| Tags: |
Pas de tags, Soyez le premier à ajouter un tag!
|
MARC
| LEADER | 00000naa$a2200000$$$4500 | ||
|---|---|---|---|
| 001 | 0272114 | ||
| 005 | 20240502074306.2 | ||
| 041 | 0 | |a eng | |
| 044 | |a SK | ||
| 245 | 1 | 0 | |a Slovakia |c Zsolt Horbulák |
| 520 | |a Informácia o sociálno-ekonomickom vývoji a vývoji na trhu práce na Slovensku. Vplyv robotizácie na pracovný trh. | ||
| 610 | 2 | 0 | |a situácia sociálna |
| 610 | 2 | 0 | |a situácia finančná obyvateľstva |
| 610 | 2 | 0 | |a robotizácia |
| 610 | 2 | 0 | |a trh práce |
| 610 | 2 | 0 | |a Slovensko |
| 100 | 1 | |a Horbulák, Zsolt, 1972- | |